Landkreise mit Kreissitz und Kfz-Kennzeichen Schleswig-Holstein - Statistiken

Allgemein
  • Dieses Quiz wurde 21 mal gespielt
  • Das Durchschnittsergebnis liegt bei 21 aus 43
Antwortstatistiken
Antworten % Korrekt
FL
100%
KI
100%
HL
88%
PI
76%
NF
71%
OH
71%
SL
71%
IZ
65%
NMS
65%
Schleswig
65%
SE
65%
Bad Segeberg
59%
HEI, MED
59%
Pinneberg
59%
RD, ECK
59%
Itzehoe
53%
PLÖ
53%
Rendsburg
53%
Eutin
47%
Heide
47%
Husum
47%
Plön
47%
kreisfreie Stadt Flensburg
41%
kreisfreie Stadt Kiel
41%
kreisfreie Stadt Lübeck
41%
Kreis Nordfriesland
41%
Kreis Pinneberg
41%
OD
41%
Ratzeburg
41%
RZ
41%
Bad Oldesloe
35%
kreisfreie Stadt Neumünster
35%
Kreis Ostholstein
35%
Kreis Segeberg
35%
Kreis Dithmarschen
29%
Kreis Plön
29%
Kreis Rendsburg-Eckernförde
29%
Kreis Schleswig-Flensburg
29%
Kreis Herzogtum Lauenburg
24%
Kreis Steinburg
24%
Kreis Stormarn
18%
EUT, OLD
0%
HUS, NIB, TÖN
0%
Keine übereinstimmenden Quizze gefunden
Verteilung der Resultate
Anzahl Personen mit jedem Resultat
Perzentil nach korrekt beantworteten Fragen
Ihre Resultats-Entwicklung
Sie haben dieses Quiz noch nicht gespielt